000 00709nam a2200217 a 4500
001 000040075
005 20201002033913.0
008 130805s1986 sp r 000 0 spa d
020 _a8401450691
040 _aDO-SdBNP
_bspa
_cBNPHU
082 _axxxx
_bxxxx
100 1 _aBuscaglia, Leo F.
_950705
240 1 0 _aLove personhood
_lEspañol
245 1 0 _aAmor. Ser persona /
_cLeo F. Buscaglia ; traducción Monsetserrat Solanas, Lorenzo Cortina.
260 _aBarcelona :
_bPlaza & Janes Editores,
_c1986.
300 _a267 p. ;
_c19 cm.
504 _aBibliografía : p. 261-267
590 _aInventariado, 2019/BT
700 1 _aSolanas, Monsetrrat,
_etr.
_966335
700 1 _aCortina, Lorenzo,
_etr.
_950707
999 _c39565
_d39565